000
00283nam a2200097 4500
008
240223b |||||||| |||| 00| 0 eng d
245
_a
Ethnic studies report-Vol. iii no. 2 (July 1985)
260
_b
International centre for ethnic studies
_c
1985
650
_a
ETHNIC STUDIES
942
_c
CR
999
_c
4801
_d
4801